Iterative solution of large linear systems /
Guardado en:
| Autor Principal: | |
|---|---|
| Formato: | Libro |
| Idioma: | English |
| Publicado: |
New York :
Academic Press,
1971.
|
| Series: | Computer science and applied mathematics
|
| Materias: | |
| Etiquetas: |
Agregar Etiqueta
Sin Etiquetas, Sea el primero en etiquetar este registro!
|
| LEADER | 00867cam a22002535a 4500 | ||
|---|---|---|---|
| 001 | EIQ.libpla003553 | ||
| 008 | 710827s1971####nyua#####b####001#0#eng#d | ||
| 005 | 20080212194541.0 | ||
| 245 | 1 | 0 | |a Iterative solution of large linear systems / |c [by] David M. Young. |
| 260 | |a New York : |b Academic Press, |c 1971. | ||
| 300 | |a xxiv, 570 p. : |b il. ; |c 24 cm. | ||
| 490 | 0 | |a Computer science and applied mathematics | |
| 504 | |a Bibliografía: p. 556-563. | ||
| 500 | |a Incluye índice. | ||
| 020 | |a 0127730508 | ||
| 100 | 1 | |a Young, David M., |d 1923- | |
| 082 | 0 | 0 | |a 512/.94 |
| 650 | 4 | |a Matemática |x Sistemas lineales. | |
| 650 | 4 | |a Matemática |x Ecuaciones simultáneas. | |
| 650 | 4 | |a Mathematical |x Linear systems. | |
| 650 | 4 | |a Mathematical |x Equations, Simultaneous. | |
| 010 | |a 73170124 | ||
| 040 | |a DLC |c DLC |d AR-BbSID | ||
| 859 | |a AR-BbSID |b BIB. PLAPIQUI |h 519.4 |i Y 84 |p 1627 | ||
